000 01085namaa22002891i 4500
003 EG-GICUC
005 20260118104526.0
008 260115s19uu le ||||jr|||| 000 0 ara d
040 _aEG-GiCUC
_bara
_cEG-GiCUC
_dEG-GiCUC
_erda
082 0 4 _221
_a234.6
_bD5331k
092 0 4 _221
_a234.6
_bD5331k
099 _a234.6 D5331k
100 1 _aذهبي، محمد بن أحمد،‏
_d1274-1348
_eمؤلف.
245 1 _aكتاب تذكرة الحفاظ /
_cللامام أبو عبد الله شمس الدين محمد الذهبى
246 1 _aتذكرة الحفاظ
264 _aبيروت (لبنان) :
_bدار الكتب العلمية،
_c[19--]
300 _a5 مجلدات ؛
_c24 سم
336 _2rdacontent
_atext
337 _2rdamedia
_aUnmediated
338 _2rdacarrier
_avolume
504 _aيشتمل على ارجاعات ببليوجرافية
541 _aد. جابر عصفور ؛
_bالقاهرة ؛
_cإهداء ؛
_d2024.
650 1 7 _aالحديث
_xتراجم الرواة
_2qrmak
651 1 _2qrmak
905 _aHuda
942 _2ddc
_cBK
_e21
_n0
999 _c177721
_d177721